LEADER 01937cam a22003374a 4500 001 000000104840 003 CaOOAMICUS 005 20070507125102.0 008 070507s2006 ne b 001 0 fre 020 $a2-87723-913-6 040 $aDLC$b $cDLC$dPUL$dLDA 041 1 $afre$agrc$hgrc$asyr 100 0 $aSeverus,$cpatriarca di Antiochia,$dsec. V-VI.$0(OLS)http://pul/name/21456 245 10$aFragments grecs tirâes des cha?ines sur les derniers livres de l'Octateuque et sur les Ráegnes /$cSâeváere d'Antioche ; texte grec âetabli et traduit par Franðcoise Petit ; glossaire syriaque par Lucas van Rompay. 260 $ $aLeuven ;$aParis ;$aDudley (MA) :$bPeeters,$c2006. 300 $axxi, 316 p. ;$c25 cm. 490 1 $aTraditio exegetica graeca ;$v14 504 $aInclude riferimenti bibliografici (p. [vii]-x) ed indice 546 $aTesto in lingua greca con traduzione in lingua francese a fronte; introduzione in lingua francese; glossari in greco e siriaco. 630 04$aBiblia.$pV.T.$pOctateuchus$xCommenti.$0(OLS)http://pul/subject/11313 630 04$aBiblia.$pV.T.$pRegum$xVersioni$xCritica, interpretazione, ecc.$0(OLS)http://pul/subject/17327 700 1 $aRompay, Lucas van.$0(OLS)http://pul/name/15847 700 1 $aPetit, Françoise.$0(OLS)http://pul/name/8742 830 0$aTraditio exegetica graeca ;$v14.$0(OLS)http://pul/title/12873 850 $aPUL 852 $aPUL$W1$xDP2 Cons. Gen., Altre Classi 1$y61$m1390 U 66.14$j117423$qStampati$B117366$CPULBib$Z2$F117366 $H102966 $82 941 1 $a8 996 $6020$a2-87723-913-6$9(OLS)http://pul/number/134205 996 $6245$aFragments grecs tirâes des cha?ines sur les derniers livres de l'Octateuque et sur les Ráegnes$9(OLS)http://pul/title/131874 996 $6260$a[S.l.] :$b[s.n.]$9(OLS)http://pul/publisher/0 996 $6260$aLeuven ;$aParis ;$aDudley (MA) :$bPeeters$9(OLS)http://pul/publisher/78664 LEADER 01390nam a2200289 a 4500 001 000000137596 003 CaOOAMICUS 005 20150911112159.0 008 140228s2005 it a u000 u ita r 020 $a88-215-5297-7 040 $aPUL$bita 245 03$aIl tempo della festa :$bdieci voci per riscoprire la domenica /$ca cura del Servizio nazionale per il progetto culturale. 260 $aCinisello Balsamo :$bSan Paolo,$c2005. 300 $a146 p.$bill.$c22 cm 490 1 $aDimensioni dello spirito ;$v65 500 $aOpera concepita come contributo del XXIV Congresso Eucaristico Nazionale. 650 4$aFeste religiose.$0(OLS)http://pul/subject/16889 710 2 $aServizio nazionale per il progetto culturale della CEI.$0(OLS)http://pul/name/65065 830 0$aDimensioni dello spirito ;$v65.$0(OLS)http://pul/title/22694 850 $aPUL 852 $aPUL$W1$xDP1 Fondo E. Rossi$y115$m7 A 12$j158613$qFondi$B158129$CPULBib$Z2$F158129 $82 852 $aPUL$W1$xDP1 Fondo S. Lanza$y121$m3 M 74$j168440$qFondi$B169039$CPULBib$Z2$F169039 $HLAN2169 $82 941 1 $a1 996 $6020$a88-215-5297-7$9(OLS)http://pul/number/154676 996 $6245$aIl tempo della festa :$bdieci voci per riscoprire la domenica$9(OLS)http://pul/title/174209 996 $6260$aCinisello Balsamo :$bSan Paolo$9(OLS)http://pul/publisher/54577